Situationist International anthology / (Record no. 352714)
[ view plain ]
| 000 -LEADER | |
|---|---|
| fixed length control field | 01060 a2200289 4500 |
| 003 - CONTROL NUMBER IDENTIFIER | |
| control field | OSt |
| 005 - DATE AND TIME OF LATEST TRANSACTION | |
| control field | 20180116192342.0 |
| 008 - FIXED-LENGTH DATA ELEMENTS--GENERAL INFORMATION | |
| fixed length control field | 120530t xxu||||| |||| 00| 0 eng d |
| 010 ## - LIBRARY OF CONGRESS CONTROL NUMBER | |
| LC control number | 2006907656 |
| 020 ## - INTERNATIONAL STANDARD BOOK NUMBER | |
| International Standard Book Number | 9780939682041 |
| 040 ## - CATALOGING SOURCE | |
| Transcribing agency | 0 |
| 082 00 - DEWEY DECIMAL CLASSIFICATION NUMBER | |
| Classification number | 303.48 |
| 100 ## - MAIN ENTRY--PERSONAL NAME | |
| Personal name | Knabb, Ken |
| 9 (RLIN) | 2565 |
| 245 00 - TITLE STATEMENT | |
| Title | Situationist International anthology / |
| Statement of responsibility, etc. | [edited and translated by Ken Knabb]. |
| 250 ## - EDITION STATEMENT | |
| Edition statement | Rev. and expanded ed. |
| 260 ## - PUBLICATION, DISTRIBUTION, ETC. | |
| Place of publication, distribution, etc. | Berkeley, CA : |
| Name of publisher, distributor, etc. | Bureau of Public Secrets, |
| Date of publication, distribution, etc. | 2006. |
| 300 ## - PHYSICAL DESCRIPTION | |
| Extent | 532 p. ; |
| Dimensions | 24 cm. |
| 500 ## - GENERAL NOTE | |
| General note | "The major portion of the anthology is drawn from the French journal Internationale Situationniste"--P. ix. |
| 500 ## - GENERAL NOTE | |
| General note | Includes indexes. |
| 650 #0 - SUBJECT ADDED ENTRY--TOPICAL TERM | |
| Topical term or geographic name entry element | Radicalism |
| Geographic subdivision | Europe. |
| 9 (RLIN) | 2566 |
| 650 #0 - SUBJECT ADDED ENTRY--TOPICAL TERM | |
| Topical term or geographic name entry element | Avant-garde (Aesthetics) |
| Geographic subdivision | Europe. |
| 9 (RLIN) | 2567 |
| 650 #0 - SUBJECT ADDED ENTRY--TOPICAL TERM | |
| Topical term or geographic name entry element | Civilization. |
| 9 (RLIN) | 2568 |
| 700 1# - ADDED ENTRY--PERSONAL NAME | |
| Personal name | Knabb, Ken. |
| 9 (RLIN) | 2569 |
| 856 42 - ELECTRONIC LOCATION AND ACCESS | |
| Materials specified | Publisher description |
| Uniform Resource Identifier | <a href="http://www.loc.gov/catdir/enhancements/fy1008/2006907656-d.html">http://www.loc.gov/catdir/enhancements/fy1008/2006907656-d.html</a> |
| 942 ## - ADDED ENTRY ELEMENTS (KOHA) | |
| Institution code [OBSOLETE] | SADA |
| Koha item type | Book |
| Call number prefix | 303.48 KNA 2006 |
| Source of classification or shelving scheme | |
| Withdrawn status | Lost status | Source of classification or shelving scheme | Damaged status | Not for loan | Permanent Location | Current Location | Date acquired | Total Checkouts | Full call number | Barcode | Date last seen | Date last checked out | Cost, replacement price | Price effective from | Koha item type |
|---|---|---|---|---|---|---|---|---|---|---|---|---|---|---|---|
| School of Art Design and Architecture (SADA) | School of Art Design and Architecture (SADA) | 04/11/2011 | 1 | 303.48 KNA 2006 | SADA0000758 | 03/12/2015 | 02/20/2015 | 1422.00 | 08/05/2011 | Book |
